| 000 | 00902nam a2200217 i 4500 | ||
|---|---|---|---|
| 001 | 151335 | ||
| 003 | ES-MaACL | ||
| 005 | 20250802062537.0 | ||
| 008 | 040722s1793 fr |||| | fre d | ||
| 040 |
_aCAM _bspa _cCAM |
||
| 110 | 2 |
_aAcadémie des inscriptions et belles-lettres (Francia) _91230 |
|
| 245 | 1 | 0 |
_aMémoires de littérature tirés des registres de l'Académie des Inscriptions et Belles-Lettres depuis l'année MDCCLXXX jusques [et] compris l'année MDCCLXXXIV _b: tome quarane-sixiéme. |
| 260 |
_aA Paris : _bde l'Imprimerie Nationale Exécutive du Louvre, _c1793. |
||
| 300 |
_a[6], 713, [2] en bl. p. ; _c25 cm. |
||
| 597 | _aSign.: []1, *2, A-4T4, 4U6. | ||
| 597 | _aPort. con viñeta xil. | ||
| 597 | _aEn pag.1 viñeta xil. | ||
| 650 | 7 |
_aLiteratura _2embne _9141583 |
|
| 852 |
_aES-MaACL _jR-1298-1343 _z-- Enc. piel _x Olim: G-13300-45 |
||
| 999 |
_c151335 _d151335 |
||